<?xml version="1.0" encoding="UTF-8"?>
<record
    xmlns:xsi="http://www.w3.org/2001/XMLSchema-instance"
    xsi:schemaLocation="http://www.loc.gov/MARC21/slim http://www.loc.gov/standards/marcxml/schema/MARC21slim.xsd"
    xmlns="http://www.loc.gov/MARC21/slim">

  <leader>01171nas a2200253 454500</leader>
  <controlfield tag="001">21585</controlfield>
  <controlfield tag="005">20260407193506.0</controlfield>
  <controlfield tag="008">260407s1991####ag###########|||spa#d</controlfield>
  <controlfield tag="003">AR-UNSa-BCEJYS</controlfield>
  <datafield tag="040" ind1=" " ind2=" ">
    <subfield code="a">AR-UNSa-BCEJYS</subfield>
    <subfield code="b">spa</subfield>
    <subfield code="c">AR-UNSa-BCEJYS</subfield>
  </datafield>
  <datafield tag="080" ind1=" " ind2=" ">
    <subfield code="a">658</subfield>
    <subfield code="x">Administraci&#xF3;n de empresas. Organizaci&#xF3;n comercial</subfield>
  </datafield>
  <datafield tag="245" ind1="1" ind2="0">
    <subfield code="a">Alta gerencia</subfield>
    <subfield code="p">estrategias para la administraci&#xF3;n</subfield>
  </datafield>
  <datafield tag="022" ind1=" " ind2=" ">
    <subfield code="a">0327-6104</subfield>
  </datafield>
  <datafield tag="264" ind1=" " ind2="1">
    <subfield code="a">Buenos Aires :</subfield>
    <subfield code="b">Ediciones Interoce&#xE1;nicas</subfield>
    <subfield code="c">1991</subfield>
  </datafield>
  <datafield tag="310" ind1=" " ind2=" ">
    <subfield code="a">Frecuencia: Mensual
A partir del N&#xBA; 62 la versi&#xF3;n se encuentra en formato digital
A partir del N&#xBA; 37 cambia de subtitulo por La din&#xE1;mica de la econom&#xED;a y la administraci&#xF3;n
A partir del N&#xBA; 47 cambia de Director por Oscar Malfitano Cayuela
A partir del N&#xBA; 54 cambia de subtitulo por Administraci&#xF3;n, contabilidad, estrategia, marketing y econom&#xED;a</subfield>
  </datafield>
  <datafield tag="041" ind1=" " ind2=" ">
    <subfield code="a">spa</subfield>
  </datafield>
  <datafield tag="942" ind1=" " ind2=" ">
    <subfield code="c">SER</subfield>
  </datafield>
  <datafield tag="590" ind1=" " ind2=" ">
    <subfield code="a">niveau_biblio:s niveau_hierar:1</subfield>
  </datafield>
  <datafield tag="100" ind1="1" ind2=" ">
    <subfield code="a">Rubinsztein, Jorge</subfield>
  </datafield>
  <datafield tag="650" ind1=" " ind2=" ">
    <subfield code="a">Administraci&#xF3;n</subfield>
  </datafield>
  <datafield tag="650" ind1=" " ind2=" ">
    <subfield code="a">Gesti&#xF3;n</subfield>
  </datafield>
  <datafield tag="650" ind1=" " ind2=" ">
    <subfield code="a">ADMINISTRACION DE EMPRESAS</subfield>
  </datafield>
  <datafield tag="856" ind1="4" ind2="1">
    <subfield code="u">https://biblioeco.unsa.edu.ar/pmb/images/revistas/Alta Gerancia.jpg</subfield>
    <subfield code="y">Imagen de portada</subfield>
    <subfield code="q">image/jpeg</subfield>
  </datafield>
  <datafield tag="999" ind1=" " ind2=" ">
    <subfield code="c">8550</subfield>
    <subfield code="d">8550</subfield>
  </datafield>
  <datafield tag="952" ind1=" " ind2=" ">
    <subfield code="0">0</subfield>
    <subfield code="1">0</subfield>
    <subfield code="4">0</subfield>
    <subfield code="7">0</subfield>
    <subfield code="a">BCEJYS</subfield>
    <subfield code="b">BCEJYS</subfield>
    <subfield code="c">17</subfield>
    <subfield code="d">2001-02-01</subfield>
    <subfield code="h">N&#xBA; 61 - feb. 2001</subfield>
    <subfield code="l">0</subfield>
    <subfield code="o">H658 ALT 61</subfield>
    <subfield code="p">R10315</subfield>
    <subfield code="r">2026-04-10 16:08:06</subfield>
    <subfield code="w">2026-04-10</subfield>
    <subfield code="y">RN</subfield>
  </datafield>
  <datafield tag="952" ind1=" " ind2=" ">
    <subfield code="0">0</subfield>
    <subfield code="1">0</subfield>
    <subfield code="4">0</subfield>
    <subfield code="7">0</subfield>
    <subfield code="a">BCEJYS</subfield>
    <subfield code="b">BCEJYS</subfield>
    <subfield code="c">17</subfield>
    <subfield code="d">2001-01-01</subfield>
    <subfield code="h">N&#xBA; 60 - ene. 2001</subfield>
    <subfield code="l">0</subfield>
    <subfield code="o">H658 ALT 60</subfield>
    <subfield code="p">R10314</subfield>
    <subfield code="r">2026-04-10 16:08:06</subfield>
    <subfield code="w">2026-04-10</subfield>
    <subfield code="y">RN</subfield>
  </datafield>
  <datafield tag="952" ind1=" " ind2=" ">
    <subfield code="0">0</subfield>
    <subfield code="1">0</subfield>
    <subfield code="4">0</subfield>
    <subfield code="7">0</subfield>
    <subfield code="a">BCEJYS</subfield>
    <subfield code="b">BCEJYS</subfield>
    <subfield code="c">17</subfield>
    <subfield code="d">2000-08-01</subfield>
    <subfield code="h">N&#xBA; 59 - ago. 2000</subfield>
    <subfield code="l">0</subfield>
    <subfield code="o">H658 ALT 59</subfield>
    <subfield code="p">R10313</subfield>
    <subfield code="r">2026-04-10 16:08:06</subfield>
    <subfield code="w">2026-04-10</subfield>
    <subfield code="y">RN</subfield>
  </datafield>
  <datafield tag="952" ind1=" " ind2=" ">
    <subfield code="0">0</subfield>
    <subfield code="1">0</subfield>
    <subfield code="4">0</subfield>
    <subfield code="7">0</subfield>
    <subfield code="a">BCEJYS</subfield>
    <subfield code="b">BCEJYS</subfield>
    <subfield code="c">17</subfield>
    <subfield code="d">2000-03-01</subfield>
    <subfield code="h">N&#xBA; 58 - mar. 2000</subfield>
    <subfield code="l">0</subfield>
    <subfield code="o">H658 ALT 58</subfield>
    <subfield code="p">R10312</subfield>
    <subfield code="r">2026-04-10 16:08:06</subfield>
    <subfield code="w">2026-04-10</subfield>
    <subfield code="y">RN</subfield>
  </datafield>
  <datafield tag="952" ind1=" " ind2=" ">
    <subfield code="0">0</subfield>
    <subfield code="1">0</subfield>
    <subfield code="4">0</subfield>
    <subfield code="7">0</subfield>
    <subfield code="a">BCEJYS</subfield>
    <subfield code="b">BCEJYS</subfield>
    <subfield code="c">17</subfield>
    <subfield code="d">1999-12-01</subfield>
    <subfield code="h">N&#xBA; 57 - dic. 1999</subfield>
    <subfield code="l">0</subfield>
    <subfield code="o">H658 ALT 57</subfield>
    <subfield code="p">R10311</subfield>
    <subfield code="r">2026-04-10 16:08:06</subfield>
    <subfield code="w">2026-04-10</subfield>
    <subfield code="y">RN</subfield>
  </datafield>
  <datafield tag="952" ind1=" " ind2=" ">
    <subfield code="0">0</subfield>
    <subfield code="1">0</subfield>
    <subfield code="4">0</subfield>
    <subfield code="7">0</subfield>
    <subfield code="a">BCEJYS</subfield>
    <subfield code="b">BCEJYS</subfield>
    <subfield code="c">17</subfield>
    <subfield code="d">1999-08-01</subfield>
    <subfield code="h">N&#xBA; 56 - ago. 1999</subfield>
    <subfield code="l">0</subfield>
    <subfield code="o">H658 ALT 56</subfield>
    <subfield code="p">R10310</subfield>
    <subfield code="r">2026-04-10 16:08:06</subfield>
    <subfield code="w">2026-04-10</subfield>
    <subfield code="y">RN</subfield>
  </datafield>
  <datafield tag="952" ind1=" " ind2=" ">
    <subfield code="0">0</subfield>
    <subfield code="1">0</subfield>
    <subfield code="4">0</subfield>
    <subfield code="7">0</subfield>
    <subfield code="a">BCEJYS</subfield>
    <subfield code="b">BCEJYS</subfield>
    <subfield code="c">17</subfield>
    <subfield code="d">1999-04-01</subfield>
    <subfield code="h">N&#xBA; 55 - abr. 1999</subfield>
    <subfield code="l">0</subfield>
    <subfield code="o">H658 ALT 55</subfield>
    <subfield code="p">R10309</subfield>
    <subfield code="r">2026-04-10 16:08:06</subfield>
    <subfield code="w">2026-04-10</subfield>
    <subfield code="y">RN</subfield>
  </datafield>
  <datafield tag="952" ind1=" " ind2=" ">
    <subfield code="0">0</subfield>
    <subfield code="1">0</subfield>
    <subfield code="4">0</subfield>
    <subfield code="7">0</subfield>
    <subfield code="a">BCEJYS</subfield>
    <subfield code="b">BCEJYS</subfield>
    <subfield code="c">17</subfield>
    <subfield code="d">1999-02-01</subfield>
    <subfield code="h">N&#xBA; 54 - feb. 1999</subfield>
    <subfield code="l">0</subfield>
    <subfield code="o">H658 ALT 54</subfield>
    <subfield code="p">R10308</subfield>
    <subfield code="r">2026-04-10 16:08:06</subfield>
    <subfield code="w">2026-04-10</subfield>
    <subfield code="y">RN</subfield>
  </datafield>
  <datafield tag="952" ind1=" " ind2=" ">
    <subfield code="0">0</subfield>
    <subfield code="1">0</subfield>
    <subfield code="4">0</subfield>
    <subfield code="7">0</subfield>
    <subfield code="a">BCEJYS</subfield>
    <subfield code="b">BCEJYS</subfield>
    <subfield code="c">17</subfield>
    <subfield code="d">1998-11-01</subfield>
    <subfield code="h">N&#xBA; 53 - nov. 1998</subfield>
    <subfield code="l">0</subfield>
    <subfield code="o">H658 ALT 53</subfield>
    <subfield code="p">R10307</subfield>
    <subfield code="r">2026-04-10 16:08:06</subfield>
    <subfield code="w">2026-04-10</subfield>
    <subfield code="y">RN</subfield>
  </datafield>
  <datafield tag="952" ind1=" " ind2=" ">
    <subfield code="0">0</subfield>
    <subfield code="1">0</subfield>
    <subfield code="4">0</subfield>
    <subfield code="7">0</subfield>
    <subfield code="a">BCEJYS</subfield>
    <subfield code="b">BCEJYS</subfield>
    <subfield code="c">17</subfield>
    <subfield code="d">1998-08-01</subfield>
    <subfield code="h">N&#xBA; 52 - ago. 1998</subfield>
    <subfield code="l">0</subfield>
    <subfield code="o">H658 ALT 52</subfield>
    <subfield code="p">R10306</subfield>
    <subfield code="r">2026-04-10 16:08:06</subfield>
    <subfield code="w">2026-04-10</subfield>
    <subfield code="y">RN</subfield>
  </datafield>
  <datafield tag="952" ind1=" " ind2=" ">
    <subfield code="0">0</subfield>
    <subfield code="1">0</subfield>
    <subfield code="4">0</subfield>
    <subfield code="7">0</subfield>
    <subfield code="a">BCEJYS</subfield>
    <subfield code="b">BCEJYS</subfield>
    <subfield code="c">17</subfield>
    <subfield code="d">1998-05-01</subfield>
    <subfield code="h">N&#xBA; 51 - mayo 1998</subfield>
    <subfield code="l">0</subfield>
    <subfield code="o">H658 ALT 51</subfield>
    <subfield code="p">R10305</subfield>
    <subfield code="r">2026-04-10 16:08:06</subfield>
    <subfield code="w">2026-04-10</subfield>
    <subfield code="y">RN</subfield>
  </datafield>
  <datafield tag="952" ind1=" " ind2=" ">
    <subfield code="0">0</subfield>
    <subfield code="1">0</subfield>
    <subfield code="4">0</subfield>
    <subfield code="7">0</subfield>
    <subfield code="a">BCEJYS</subfield>
    <subfield code="b">BCEJYS</subfield>
    <subfield code="c">17</subfield>
    <subfield code="d">1998-02-01</subfield>
    <subfield code="h">N&#xBA; 50 - feb. 1998</subfield>
    <subfield code="l">0</subfield>
    <subfield code="o">H658 ALT 50</subfield>
    <subfield code="p">R10304</subfield>
    <subfield code="r">2026-04-10 16:08:06</subfield>
    <subfield code="w">2026-04-10</subfield>
    <subfield code="y">RN</subfield>
  </datafield>
  <datafield tag="952" ind1=" " ind2=" ">
    <subfield code="0">0</subfield>
    <subfield code="1">0</subfield>
    <subfield code="4">0</subfield>
    <subfield code="7">0</subfield>
    <subfield code="a">BCEJYS</subfield>
    <subfield code="b">BCEJYS</subfield>
    <subfield code="c">17</subfield>
    <subfield code="d">1997-12-01</subfield>
    <subfield code="h">N&#xBA; 49 - dic. 1997</subfield>
    <subfield code="l">0</subfield>
    <subfield code="o">H658 ALT 49</subfield>
    <subfield code="p">R10303</subfield>
    <subfield code="r">2026-04-10 16:08:06</subfield>
    <subfield code="w">2026-04-10</subfield>
    <subfield code="y">RN</subfield>
  </datafield>
  <datafield tag="952" ind1=" " ind2=" ">
    <subfield code="0">0</subfield>
    <subfield code="1">0</subfield>
    <subfield code="4">0</subfield>
    <subfield code="7">0</subfield>
    <subfield code="a">BCEJYS</subfield>
    <subfield code="b">BCEJYS</subfield>
    <subfield code="c">17</subfield>
    <subfield code="d">1997-09-01</subfield>
    <subfield code="h">N&#xBA; 48 - set. 1997</subfield>
    <subfield code="l">0</subfield>
    <subfield code="o">H658 ALT 48</subfield>
    <subfield code="p">R10302</subfield>
    <subfield code="r">2026-04-10 16:08:06</subfield>
    <subfield code="w">2026-04-10</subfield>
    <subfield code="y">RN</subfield>
  </datafield>
  <datafield tag="952" ind1=" " ind2=" ">
    <subfield code="0">0</subfield>
    <subfield code="1">0</subfield>
    <subfield code="4">0</subfield>
    <subfield code="7">0</subfield>
    <subfield code="a">BCEJYS</subfield>
    <subfield code="b">BCEJYS</subfield>
    <subfield code="c">17</subfield>
    <subfield code="d">1997-08-01</subfield>
    <subfield code="h">N&#xBA; 47 - ago. 1997</subfield>
    <subfield code="l">0</subfield>
    <subfield code="o">H658 ALT 47</subfield>
    <subfield code="p">R10301</subfield>
    <subfield code="r">2026-04-10 16:08:06</subfield>
    <subfield code="w">2026-04-10</subfield>
    <subfield code="y">RN</subfield>
  </datafield>
  <datafield tag="952" ind1=" " ind2=" ">
    <subfield code="0">0</subfield>
    <subfield code="1">0</subfield>
    <subfield code="4">0</subfield>
    <subfield code="7">0</subfield>
    <subfield code="a">BCEJYS</subfield>
    <subfield code="b">BCEJYS</subfield>
    <subfield code="c">17</subfield>
    <subfield code="d">1995-03-01</subfield>
    <subfield code="h">N&#xBA; 42 - mar. 1995</subfield>
    <subfield code="l">0</subfield>
    <subfield code="o">H658 ALT 42</subfield>
    <subfield code="p">R10300</subfield>
    <subfield code="r">2026-04-10 16:08:06</subfield>
    <subfield code="w">2026-04-10</subfield>
    <subfield code="y">RN</subfield>
  </datafield>
  <datafield tag="952" ind1=" " ind2=" ">
    <subfield code="0">0</subfield>
    <subfield code="1">0</subfield>
    <subfield code="4">0</subfield>
    <subfield code="7">0</subfield>
    <subfield code="a">BCEJYS</subfield>
    <subfield code="b">BCEJYS</subfield>
    <subfield code="c">17</subfield>
    <subfield code="d">1995-01-01</subfield>
    <subfield code="h">N&#xBA; 40/41 - ene./feb. 1995</subfield>
    <subfield code="l">0</subfield>
    <subfield code="o">H658 ALT 40/41</subfield>
    <subfield code="p">R10299</subfield>
    <subfield code="r">2026-04-10 16:08:06</subfield>
    <subfield code="w">2026-04-10</subfield>
    <subfield code="y">RN</subfield>
  </datafield>
  <datafield tag="952" ind1=" " ind2=" ">
    <subfield code="0">0</subfield>
    <subfield code="1">0</subfield>
    <subfield code="4">0</subfield>
    <subfield code="7">0</subfield>
    <subfield code="a">BCEJYS</subfield>
    <subfield code="b">BCEJYS</subfield>
    <subfield code="c">17</subfield>
    <subfield code="d">1994-12-01</subfield>
    <subfield code="h">N&#xBA; 39 - dic. 1994</subfield>
    <subfield code="l">0</subfield>
    <subfield code="o">H658 ALT 39</subfield>
    <subfield code="p">R10298</subfield>
    <subfield code="r">2026-04-10 16:08:06</subfield>
    <subfield code="w">2026-04-10</subfield>
    <subfield code="y">RN</subfield>
  </datafield>
  <datafield tag="952" ind1=" " ind2=" ">
    <subfield code="0">0</subfield>
    <subfield code="1">0</subfield>
    <subfield code="4">0</subfield>
    <subfield code="7">0</subfield>
    <subfield code="a">BCEJYS</subfield>
    <subfield code="b">BCEJYS</subfield>
    <subfield code="c">17</subfield>
    <subfield code="d">1994-11-01</subfield>
    <subfield code="h">N&#xBA; 38 - nov. 1994</subfield>
    <subfield code="l">0</subfield>
    <subfield code="o">H658 ALT 38</subfield>
    <subfield code="p">R10297</subfield>
    <subfield code="r">2026-04-10 16:08:06</subfield>
    <subfield code="w">2026-04-10</subfield>
    <subfield code="y">RN</subfield>
  </datafield>
  <datafield tag="952" ind1=" " ind2=" ">
    <subfield code="0">0</subfield>
    <subfield code="1">0</subfield>
    <subfield code="4">0</subfield>
    <subfield code="7">0</subfield>
    <subfield code="a">BCEJYS</subfield>
    <subfield code="b">BCEJYS</subfield>
    <subfield code="c">17</subfield>
    <subfield code="d">1994-10-01</subfield>
    <subfield code="h">N&#xBA; 37 - oct. 1994</subfield>
    <subfield code="l">0</subfield>
    <subfield code="o">H658 ALT 37</subfield>
    <subfield code="p">R10296</subfield>
    <subfield code="r">2026-04-10 16:08:06</subfield>
    <subfield code="w">2026-04-10</subfield>
    <subfield code="y">RN</subfield>
  </datafield>
  <datafield tag="952" ind1=" " ind2=" ">
    <subfield code="0">0</subfield>
    <subfield code="1">0</subfield>
    <subfield code="4">0</subfield>
    <subfield code="7">0</subfield>
    <subfield code="a">BCEJYS</subfield>
    <subfield code="b">BCEJYS</subfield>
    <subfield code="c">17</subfield>
    <subfield code="d">1994-09-01</subfield>
    <subfield code="h">N&#xBA; 36 - set. 1994</subfield>
    <subfield code="l">0</subfield>
    <subfield code="o">H658 ALT 36</subfield>
    <subfield code="p">R10295</subfield>
    <subfield code="r">2026-04-10 16:08:06</subfield>
    <subfield code="w">2026-04-10</subfield>
    <subfield code="y">RN</subfield>
  </datafield>
  <datafield tag="952" ind1=" " ind2=" ">
    <subfield code="0">0</subfield>
    <subfield code="1">0</subfield>
    <subfield code="4">0</subfield>
    <subfield code="7">0</subfield>
    <subfield code="a">BCEJYS</subfield>
    <subfield code="b">BCEJYS</subfield>
    <subfield code="c">17</subfield>
    <subfield code="d">1994-08-01</subfield>
    <subfield code="h">N&#xBA; 35 - ago. 1994</subfield>
    <subfield code="l">0</subfield>
    <subfield code="o">H658 ALT 35</subfield>
    <subfield code="p">R10294</subfield>
    <subfield code="r">2026-04-10 16:08:06</subfield>
    <subfield code="w">2026-04-10</subfield>
    <subfield code="y">RN</subfield>
  </datafield>
  <datafield tag="952" ind1=" " ind2=" ">
    <subfield code="0">0</subfield>
    <subfield code="1">0</subfield>
    <subfield code="4">0</subfield>
    <subfield code="7">0</subfield>
    <subfield code="a">BCEJYS</subfield>
    <subfield code="b">BCEJYS</subfield>
    <subfield code="c">17</subfield>
    <subfield code="d">1994-07-01</subfield>
    <subfield code="h">N&#xBA; 34 - jul. 1994</subfield>
    <subfield code="l">0</subfield>
    <subfield code="o">H658 ALT 34</subfield>
    <subfield code="p">R10293</subfield>
    <subfield code="r">2026-04-10 16:08:06</subfield>
    <subfield code="w">2026-04-10</subfield>
    <subfield code="y">RN</subfield>
  </datafield>
  <datafield tag="952" ind1=" " ind2=" ">
    <subfield code="0">0</subfield>
    <subfield code="1">0</subfield>
    <subfield code="4">0</subfield>
    <subfield code="7">0</subfield>
    <subfield code="a">BCEJYS</subfield>
    <subfield code="b">BCEJYS</subfield>
    <subfield code="c">17</subfield>
    <subfield code="d">1994-06-01</subfield>
    <subfield code="h">N&#xBA; 33 - jun. 1994</subfield>
    <subfield code="l">0</subfield>
    <subfield code="o">H658 ALT 33</subfield>
    <subfield code="p">R10292</subfield>
    <subfield code="r">2026-04-10 16:08:06</subfield>
    <subfield code="w">2026-04-10</subfield>
    <subfield code="y">RN</subfield>
  </datafield>
  <datafield tag="952" ind1=" " ind2=" ">
    <subfield code="0">0</subfield>
    <subfield code="1">0</subfield>
    <subfield code="4">0</subfield>
    <subfield code="7">0</subfield>
    <subfield code="a">BCEJYS</subfield>
    <subfield code="b">BCEJYS</subfield>
    <subfield code="c">17</subfield>
    <subfield code="d">1994-05-01</subfield>
    <subfield code="h">N&#xBA; 32 - mayo 1994</subfield>
    <subfield code="l">0</subfield>
    <subfield code="o">H658 ALT 32</subfield>
    <subfield code="p">R10291</subfield>
    <subfield code="r">2026-04-10 16:08:06</subfield>
    <subfield code="w">2026-04-10</subfield>
    <subfield code="y">RN</subfield>
  </datafield>
  <datafield tag="952" ind1=" " ind2=" ">
    <subfield code="0">0</subfield>
    <subfield code="1">0</subfield>
    <subfield code="4">0</subfield>
    <subfield code="7">0</subfield>
    <subfield code="a">BCEJYS</subfield>
    <subfield code="b">BCEJYS</subfield>
    <subfield code="c">17</subfield>
    <subfield code="d">1994-04-01</subfield>
    <subfield code="h">N&#xBA; 31 - abr. 1994</subfield>
    <subfield code="l">0</subfield>
    <subfield code="o">H658 ALT 31</subfield>
    <subfield code="p">R10290</subfield>
    <subfield code="r">2026-04-10 16:08:06</subfield>
    <subfield code="w">2026-04-10</subfield>
    <subfield code="y">RN</subfield>
  </datafield>
  <datafield tag="952" ind1=" " ind2=" ">
    <subfield code="0">0</subfield>
    <subfield code="1">0</subfield>
    <subfield code="4">0</subfield>
    <subfield code="7">0</subfield>
    <subfield code="a">BCEJYS</subfield>
    <subfield code="b">BCEJYS</subfield>
    <subfield code="c">17</subfield>
    <subfield code="d">1994-03-01</subfield>
    <subfield code="h">N&#xBA; 30 - mar. 1994</subfield>
    <subfield code="l">0</subfield>
    <subfield code="o">H658 ALT 30</subfield>
    <subfield code="p">R10289</subfield>
    <subfield code="r">2026-04-10 16:08:06</subfield>
    <subfield code="w">2026-04-10</subfield>
    <subfield code="y">RN</subfield>
  </datafield>
  <datafield tag="952" ind1=" " ind2=" ">
    <subfield code="0">0</subfield>
    <subfield code="1">0</subfield>
    <subfield code="4">0</subfield>
    <subfield code="7">0</subfield>
    <subfield code="a">BCEJYS</subfield>
    <subfield code="b">BCEJYS</subfield>
    <subfield code="c">17</subfield>
    <subfield code="d">1994-02-01</subfield>
    <subfield code="h">N&#xBA; 29 - feb. 1994</subfield>
    <subfield code="l">0</subfield>
    <subfield code="o">H658 ALT 29</subfield>
    <subfield code="p">R10288</subfield>
    <subfield code="r">2026-04-10 16:08:06</subfield>
    <subfield code="w">2026-04-10</subfield>
    <subfield code="y">RN</subfield>
  </datafield>
  <datafield tag="952" ind1=" " ind2=" ">
    <subfield code="0">0</subfield>
    <subfield code="1">0</subfield>
    <subfield code="4">0</subfield>
    <subfield code="7">0</subfield>
    <subfield code="a">BCEJYS</subfield>
    <subfield code="b">BCEJYS</subfield>
    <subfield code="c">17</subfield>
    <subfield code="d">1994-01-01</subfield>
    <subfield code="h">N&#xBA; 28 - ene. 1994</subfield>
    <subfield code="l">0</subfield>
    <subfield code="o">H658 ALT 28</subfield>
    <subfield code="p">R10287</subfield>
    <subfield code="r">2026-04-10 16:08:06</subfield>
    <subfield code="w">2026-04-10</subfield>
    <subfield code="y">RN</subfield>
  </datafield>
  <datafield tag="952" ind1=" " ind2=" ">
    <subfield code="0">0</subfield>
    <subfield code="1">0</subfield>
    <subfield code="4">0</subfield>
    <subfield code="7">0</subfield>
    <subfield code="a">BCEJYS</subfield>
    <subfield code="b">BCEJYS</subfield>
    <subfield code="c">17</subfield>
    <subfield code="d">1993-12-01</subfield>
    <subfield code="h">N&#xBA; 27 - dic. 1993</subfield>
    <subfield code="l">0</subfield>
    <subfield code="o">H658 ALT 27</subfield>
    <subfield code="p">R10286</subfield>
    <subfield code="r">2026-04-10 16:08:06</subfield>
    <subfield code="w">2026-04-10</subfield>
    <subfield code="y">RN</subfield>
  </datafield>
  <datafield tag="952" ind1=" " ind2=" ">
    <subfield code="0">0</subfield>
    <subfield code="1">0</subfield>
    <subfield code="4">0</subfield>
    <subfield code="7">0</subfield>
    <subfield code="a">BCEJYS</subfield>
    <subfield code="b">BCEJYS</subfield>
    <subfield code="c">17</subfield>
    <subfield code="d">1993-11-01</subfield>
    <subfield code="h">N&#xBA; 26 - nov. 1993</subfield>
    <subfield code="l">0</subfield>
    <subfield code="o">H658 ALT 26</subfield>
    <subfield code="p">R10285</subfield>
    <subfield code="r">2026-04-10 16:08:06</subfield>
    <subfield code="w">2026-04-10</subfield>
    <subfield code="y">RN</subfield>
  </datafield>
  <datafield tag="952" ind1=" " ind2=" ">
    <subfield code="0">0</subfield>
    <subfield code="1">0</subfield>
    <subfield code="4">0</subfield>
    <subfield code="7">0</subfield>
    <subfield code="a">BCEJYS</subfield>
    <subfield code="b">BCEJYS</subfield>
    <subfield code="c">17</subfield>
    <subfield code="d">1993-10-01</subfield>
    <subfield code="h">N&#xBA; 25 - oct. 1993</subfield>
    <subfield code="l">0</subfield>
    <subfield code="o">H658 ALT 25</subfield>
    <subfield code="p">R10284</subfield>
    <subfield code="r">2026-04-10 16:08:06</subfield>
    <subfield code="w">2026-04-10</subfield>
    <subfield code="y">RN</subfield>
  </datafield>
  <datafield tag="952" ind1=" " ind2=" ">
    <subfield code="0">0</subfield>
    <subfield code="1">0</subfield>
    <subfield code="4">0</subfield>
    <subfield code="7">0</subfield>
    <subfield code="a">BCEJYS</subfield>
    <subfield code="b">BCEJYS</subfield>
    <subfield code="c">17</subfield>
    <subfield code="d">1993-09-01</subfield>
    <subfield code="h">N&#xBA; 24 - set. 1993</subfield>
    <subfield code="l">0</subfield>
    <subfield code="o">H658 ALT 24</subfield>
    <subfield code="p">R10283</subfield>
    <subfield code="r">2026-04-10 16:08:06</subfield>
    <subfield code="w">2026-04-10</subfield>
    <subfield code="y">RN</subfield>
  </datafield>
  <datafield tag="952" ind1=" " ind2=" ">
    <subfield code="0">0</subfield>
    <subfield code="1">0</subfield>
    <subfield code="4">0</subfield>
    <subfield code="7">0</subfield>
    <subfield code="a">BCEJYS</subfield>
    <subfield code="b">BCEJYS</subfield>
    <subfield code="c">17</subfield>
    <subfield code="d">1993-08-01</subfield>
    <subfield code="h">N&#xBA; 23 - ago. 1993</subfield>
    <subfield code="l">0</subfield>
    <subfield code="o">H658 ALT 23</subfield>
    <subfield code="p">R10282</subfield>
    <subfield code="r">2026-04-10 16:08:06</subfield>
    <subfield code="w">2026-04-10</subfield>
    <subfield code="y">RN</subfield>
  </datafield>
  <datafield tag="952" ind1=" " ind2=" ">
    <subfield code="0">0</subfield>
    <subfield code="1">0</subfield>
    <subfield code="4">0</subfield>
    <subfield code="7">0</subfield>
    <subfield code="a">BCEJYS</subfield>
    <subfield code="b">BCEJYS</subfield>
    <subfield code="c">17</subfield>
    <subfield code="d">1993-07-01</subfield>
    <subfield code="h">N&#xBA; 22 - jul. 1993</subfield>
    <subfield code="l">0</subfield>
    <subfield code="o">H658 ALT 22</subfield>
    <subfield code="p">R10281</subfield>
    <subfield code="r">2026-04-10 16:08:06</subfield>
    <subfield code="w">2026-04-10</subfield>
    <subfield code="y">RN</subfield>
  </datafield>
  <datafield tag="952" ind1=" " ind2=" ">
    <subfield code="0">0</subfield>
    <subfield code="1">0</subfield>
    <subfield code="4">0</subfield>
    <subfield code="7">0</subfield>
    <subfield code="a">BCEJYS</subfield>
    <subfield code="b">BCEJYS</subfield>
    <subfield code="c">17</subfield>
    <subfield code="d">1993-06-01</subfield>
    <subfield code="h">N&#xBA; 21 - jun. 1993</subfield>
    <subfield code="l">0</subfield>
    <subfield code="o">H658 ALT 21</subfield>
    <subfield code="p">R10280</subfield>
    <subfield code="r">2026-04-10 16:08:06</subfield>
    <subfield code="w">2026-04-10</subfield>
    <subfield code="y">RN</subfield>
  </datafield>
  <datafield tag="952" ind1=" " ind2=" ">
    <subfield code="0">0</subfield>
    <subfield code="1">0</subfield>
    <subfield code="4">0</subfield>
    <subfield code="7">0</subfield>
    <subfield code="a">BCEJYS</subfield>
    <subfield code="b">BCEJYS</subfield>
    <subfield code="c">17</subfield>
    <subfield code="d">1993-05-01</subfield>
    <subfield code="h">N&#xBA; 20 - mayo 1993</subfield>
    <subfield code="l">0</subfield>
    <subfield code="o">H658 ALT 20</subfield>
    <subfield code="p">R10279</subfield>
    <subfield code="r">2026-04-10 16:08:06</subfield>
    <subfield code="w">2026-04-10</subfield>
    <subfield code="y">RN</subfield>
  </datafield>
  <datafield tag="952" ind1=" " ind2=" ">
    <subfield code="0">0</subfield>
    <subfield code="1">0</subfield>
    <subfield code="4">0</subfield>
    <subfield code="7">0</subfield>
    <subfield code="a">BCEJYS</subfield>
    <subfield code="b">BCEJYS</subfield>
    <subfield code="c">17</subfield>
    <subfield code="d">1993-04-01</subfield>
    <subfield code="h">N&#xBA; 19 - abr. 1993</subfield>
    <subfield code="l">0</subfield>
    <subfield code="o">H658 ALT 19</subfield>
    <subfield code="p">R10278</subfield>
    <subfield code="r">2026-04-10 16:08:06</subfield>
    <subfield code="w">2026-04-10</subfield>
    <subfield code="y">RN</subfield>
  </datafield>
  <datafield tag="952" ind1=" " ind2=" ">
    <subfield code="0">0</subfield>
    <subfield code="1">0</subfield>
    <subfield code="4">0</subfield>
    <subfield code="7">0</subfield>
    <subfield code="a">BCEJYS</subfield>
    <subfield code="b">BCEJYS</subfield>
    <subfield code="c">17</subfield>
    <subfield code="d">1993-03-01</subfield>
    <subfield code="h">N&#xBA; 18 - mar. 1993</subfield>
    <subfield code="l">0</subfield>
    <subfield code="o">H658 ALT 18</subfield>
    <subfield code="p">R10277</subfield>
    <subfield code="r">2026-04-10 16:08:06</subfield>
    <subfield code="w">2026-04-10</subfield>
    <subfield code="y">RN</subfield>
  </datafield>
  <datafield tag="952" ind1=" " ind2=" ">
    <subfield code="0">0</subfield>
    <subfield code="1">0</subfield>
    <subfield code="4">0</subfield>
    <subfield code="7">0</subfield>
    <subfield code="a">BCEJYS</subfield>
    <subfield code="b">BCEJYS</subfield>
    <subfield code="c">17</subfield>
    <subfield code="d">1993-02-01</subfield>
    <subfield code="h">N&#xBA; 17 - feb. 1993</subfield>
    <subfield code="l">0</subfield>
    <subfield code="o">H658 ALT 17</subfield>
    <subfield code="p">R10276</subfield>
    <subfield code="r">2026-04-10 16:08:06</subfield>
    <subfield code="w">2026-04-10</subfield>
    <subfield code="y">RN</subfield>
  </datafield>
  <datafield tag="952" ind1=" " ind2=" ">
    <subfield code="0">0</subfield>
    <subfield code="1">0</subfield>
    <subfield code="4">0</subfield>
    <subfield code="7">0</subfield>
    <subfield code="a">BCEJYS</subfield>
    <subfield code="b">BCEJYS</subfield>
    <subfield code="c">17</subfield>
    <subfield code="d">1993-01-01</subfield>
    <subfield code="h">N&#xBA; 16 - ene. 1993</subfield>
    <subfield code="l">0</subfield>
    <subfield code="o">H658 ALT 16</subfield>
    <subfield code="p">R10275</subfield>
    <subfield code="r">2026-04-10 16:08:06</subfield>
    <subfield code="w">2026-04-10</subfield>
    <subfield code="y">RN</subfield>
  </datafield>
  <datafield tag="952" ind1=" " ind2=" ">
    <subfield code="0">0</subfield>
    <subfield code="1">0</subfield>
    <subfield code="4">0</subfield>
    <subfield code="7">0</subfield>
    <subfield code="a">BCEJYS</subfield>
    <subfield code="b">BCEJYS</subfield>
    <subfield code="c">17</subfield>
    <subfield code="d">1992-12-01</subfield>
    <subfield code="h">N&#xBA; 15 - dic. 1992</subfield>
    <subfield code="l">0</subfield>
    <subfield code="o">H658 ALT 15</subfield>
    <subfield code="p">R10274</subfield>
    <subfield code="r">2026-04-10 16:08:06</subfield>
    <subfield code="w">2026-04-10</subfield>
    <subfield code="y">RN</subfield>
  </datafield>
  <datafield tag="952" ind1=" " ind2=" ">
    <subfield code="0">0</subfield>
    <subfield code="1">0</subfield>
    <subfield code="4">0</subfield>
    <subfield code="7">0</subfield>
    <subfield code="a">BCEJYS</subfield>
    <subfield code="b">BCEJYS</subfield>
    <subfield code="c">17</subfield>
    <subfield code="d">1992-11-01</subfield>
    <subfield code="h">N&#xBA; 14 - nov. 1992</subfield>
    <subfield code="l">0</subfield>
    <subfield code="o">H658 ALT 14</subfield>
    <subfield code="p">R10273</subfield>
    <subfield code="r">2026-04-10 16:08:06</subfield>
    <subfield code="w">2026-04-10</subfield>
    <subfield code="y">RN</subfield>
  </datafield>
  <datafield tag="952" ind1=" " ind2=" ">
    <subfield code="0">0</subfield>
    <subfield code="1">0</subfield>
    <subfield code="4">0</subfield>
    <subfield code="7">0</subfield>
    <subfield code="a">BCEJYS</subfield>
    <subfield code="b">BCEJYS</subfield>
    <subfield code="c">17</subfield>
    <subfield code="d">1992-10-01</subfield>
    <subfield code="h">N&#xBA; 13 - oct. 1992</subfield>
    <subfield code="l">0</subfield>
    <subfield code="o">H658 ALT 13</subfield>
    <subfield code="p">R10272</subfield>
    <subfield code="r">2026-04-10 16:08:06</subfield>
    <subfield code="w">2026-04-10</subfield>
    <subfield code="y">RN</subfield>
  </datafield>
  <datafield tag="952" ind1=" " ind2=" ">
    <subfield code="0">0</subfield>
    <subfield code="1">0</subfield>
    <subfield code="4">0</subfield>
    <subfield code="7">0</subfield>
    <subfield code="a">BCEJYS</subfield>
    <subfield code="b">BCEJYS</subfield>
    <subfield code="c">17</subfield>
    <subfield code="d">1992-09-01</subfield>
    <subfield code="h">N&#xBA; 12 - set. 1992</subfield>
    <subfield code="l">0</subfield>
    <subfield code="o">H658 ALT 12</subfield>
    <subfield code="p">R10271</subfield>
    <subfield code="r">2026-04-10 16:08:06</subfield>
    <subfield code="w">2026-04-10</subfield>
    <subfield code="y">RN</subfield>
  </datafield>
  <datafield tag="952" ind1=" " ind2=" ">
    <subfield code="0">0</subfield>
    <subfield code="1">0</subfield>
    <subfield code="4">0</subfield>
    <subfield code="7">0</subfield>
    <subfield code="a">BCEJYS</subfield>
    <subfield code="b">BCEJYS</subfield>
    <subfield code="c">17</subfield>
    <subfield code="d">1992-08-01</subfield>
    <subfield code="h">N&#xBA; 11 - ago. 1992</subfield>
    <subfield code="l">0</subfield>
    <subfield code="o">H658 ALT 11</subfield>
    <subfield code="p">R10270</subfield>
    <subfield code="r">2026-04-10 16:08:06</subfield>
    <subfield code="w">2026-04-10</subfield>
    <subfield code="y">RN</subfield>
  </datafield>
  <datafield tag="952" ind1=" " ind2=" ">
    <subfield code="0">0</subfield>
    <subfield code="1">0</subfield>
    <subfield code="4">0</subfield>
    <subfield code="7">0</subfield>
    <subfield code="a">BCEJYS</subfield>
    <subfield code="b">BCEJYS</subfield>
    <subfield code="c">17</subfield>
    <subfield code="d">1992-07-01</subfield>
    <subfield code="h">N&#xBA; 10 - jul. 1992</subfield>
    <subfield code="l">0</subfield>
    <subfield code="o">H658 ALT 10</subfield>
    <subfield code="p">R10269</subfield>
    <subfield code="r">2026-04-10 16:08:06</subfield>
    <subfield code="w">2026-04-10</subfield>
    <subfield code="y">RN</subfield>
  </datafield>
  <datafield tag="952" ind1=" " ind2=" ">
    <subfield code="0">0</subfield>
    <subfield code="1">0</subfield>
    <subfield code="4">0</subfield>
    <subfield code="7">0</subfield>
    <subfield code="a">BCEJYS</subfield>
    <subfield code="b">BCEJYS</subfield>
    <subfield code="c">17</subfield>
    <subfield code="d">1992-06-01</subfield>
    <subfield code="h">N&#xBA; 9 - jun. 1992</subfield>
    <subfield code="l">0</subfield>
    <subfield code="o">H658 ALT 9</subfield>
    <subfield code="p">R10268</subfield>
    <subfield code="r">2026-04-10 16:08:06</subfield>
    <subfield code="w">2026-04-10</subfield>
    <subfield code="y">RN</subfield>
  </datafield>
  <datafield tag="952" ind1=" " ind2=" ">
    <subfield code="0">0</subfield>
    <subfield code="1">0</subfield>
    <subfield code="4">0</subfield>
    <subfield code="7">0</subfield>
    <subfield code="a">BCEJYS</subfield>
    <subfield code="b">BCEJYS</subfield>
    <subfield code="c">17</subfield>
    <subfield code="d">1992-05-01</subfield>
    <subfield code="h">N&#xBA; 8 - mayo 1992</subfield>
    <subfield code="l">0</subfield>
    <subfield code="o">H658 ALT 8</subfield>
    <subfield code="p">R10267</subfield>
    <subfield code="r">2026-04-10 16:08:06</subfield>
    <subfield code="w">2026-04-10</subfield>
    <subfield code="y">RN</subfield>
  </datafield>
  <datafield tag="952" ind1=" " ind2=" ">
    <subfield code="0">0</subfield>
    <subfield code="1">0</subfield>
    <subfield code="4">0</subfield>
    <subfield code="7">0</subfield>
    <subfield code="a">BCEJYS</subfield>
    <subfield code="b">BCEJYS</subfield>
    <subfield code="c">17</subfield>
    <subfield code="d">1992-04-01</subfield>
    <subfield code="h">N&#xBA; 7 - abr. 1992</subfield>
    <subfield code="l">0</subfield>
    <subfield code="o">H658 ALT 7</subfield>
    <subfield code="p">R10266</subfield>
    <subfield code="r">2026-04-10 16:08:06</subfield>
    <subfield code="w">2026-04-10</subfield>
    <subfield code="y">RN</subfield>
  </datafield>
  <datafield tag="952" ind1=" " ind2=" ">
    <subfield code="0">0</subfield>
    <subfield code="1">0</subfield>
    <subfield code="4">0</subfield>
    <subfield code="7">0</subfield>
    <subfield code="a">BCEJYS</subfield>
    <subfield code="b">BCEJYS</subfield>
    <subfield code="c">17</subfield>
    <subfield code="d">1992-03-01</subfield>
    <subfield code="h">N&#xBA; 6 - mar. 1992</subfield>
    <subfield code="l">0</subfield>
    <subfield code="o">H658 ALT 6</subfield>
    <subfield code="p">R10265</subfield>
    <subfield code="r">2026-04-10 16:08:06</subfield>
    <subfield code="w">2026-04-10</subfield>
    <subfield code="y">RN</subfield>
  </datafield>
  <datafield tag="952" ind1=" " ind2=" ">
    <subfield code="0">0</subfield>
    <subfield code="1">0</subfield>
    <subfield code="4">0</subfield>
    <subfield code="7">0</subfield>
    <subfield code="a">BCEJYS</subfield>
    <subfield code="b">BCEJYS</subfield>
    <subfield code="c">17</subfield>
    <subfield code="d">1992-02-01</subfield>
    <subfield code="h">N&#xBA; 5 - feb. 1992</subfield>
    <subfield code="l">0</subfield>
    <subfield code="o">H658 ALT 5</subfield>
    <subfield code="p">R10264</subfield>
    <subfield code="r">2026-04-10 16:08:06</subfield>
    <subfield code="w">2026-04-10</subfield>
    <subfield code="y">RN</subfield>
  </datafield>
  <datafield tag="952" ind1=" " ind2=" ">
    <subfield code="0">0</subfield>
    <subfield code="1">0</subfield>
    <subfield code="4">0</subfield>
    <subfield code="7">0</subfield>
    <subfield code="a">BCEJYS</subfield>
    <subfield code="b">BCEJYS</subfield>
    <subfield code="c">17</subfield>
    <subfield code="d">1992-01-01</subfield>
    <subfield code="h">N&#xBA; 4 - ene. 1992</subfield>
    <subfield code="l">0</subfield>
    <subfield code="o">H658 ALT 4</subfield>
    <subfield code="p">R10263</subfield>
    <subfield code="r">2026-04-10 16:08:06</subfield>
    <subfield code="w">2026-04-10</subfield>
    <subfield code="y">RN</subfield>
  </datafield>
  <datafield tag="952" ind1=" " ind2=" ">
    <subfield code="0">0</subfield>
    <subfield code="1">0</subfield>
    <subfield code="4">0</subfield>
    <subfield code="7">0</subfield>
    <subfield code="a">BCEJYS</subfield>
    <subfield code="b">BCEJYS</subfield>
    <subfield code="c">17</subfield>
    <subfield code="d">1991-12-01</subfield>
    <subfield code="h">N&#xBA; 3 - dic. 1991</subfield>
    <subfield code="l">0</subfield>
    <subfield code="o">H658 ALT 3</subfield>
    <subfield code="p">R10262</subfield>
    <subfield code="r">2026-04-10 16:08:06</subfield>
    <subfield code="w">2026-04-10</subfield>
    <subfield code="y">RN</subfield>
  </datafield>
  <datafield tag="952" ind1=" " ind2=" ">
    <subfield code="0">0</subfield>
    <subfield code="1">0</subfield>
    <subfield code="4">0</subfield>
    <subfield code="7">0</subfield>
    <subfield code="a">BCEJYS</subfield>
    <subfield code="b">BCEJYS</subfield>
    <subfield code="c">17</subfield>
    <subfield code="d">1991-11-01</subfield>
    <subfield code="h">N&#xBA; 2 - nov. 1991</subfield>
    <subfield code="l">0</subfield>
    <subfield code="o">H658 ALT 2</subfield>
    <subfield code="p">R10260</subfield>
    <subfield code="r">2026-04-10 16:08:06</subfield>
    <subfield code="w">2026-04-10</subfield>
    <subfield code="y">RN</subfield>
  </datafield>
  <datafield tag="952" ind1=" " ind2=" ">
    <subfield code="0">0</subfield>
    <subfield code="1">0</subfield>
    <subfield code="4">0</subfield>
    <subfield code="7">0</subfield>
    <subfield code="a">BCEJYS</subfield>
    <subfield code="b">BCEJYS</subfield>
    <subfield code="c">17</subfield>
    <subfield code="d">1991-10-01</subfield>
    <subfield code="h">N&#xBA; 1 - oct. 1991</subfield>
    <subfield code="l">0</subfield>
    <subfield code="o">H658 ALT 1</subfield>
    <subfield code="p">R10261</subfield>
    <subfield code="r">2026-04-10 16:08:06</subfield>
    <subfield code="w">2026-04-10</subfield>
    <subfield code="y">RN</subfield>
  </datafield>
</record>
